|
|
|
|
| LEADER |
01859nam a2200313 a 4500 |
| 001 |
11778747 |
| 008 |
990806s2000 nyua 001 0 eng d |
| 010 |
|
|
|a 99044870
|
| 020 |
|
|
|a 0471170526 (cl. : alk. paper)
|
| 040 |
|
|
|a DLC
|c DLC
|d DLC
|
| 082 |
0 |
0 |
|a 512/.5
|2 21
|
| 100 |
1 |
|
|a Anton, Howard.
|
| 245 |
1 |
0 |
|a Elementary linear algebra :
|b applications version /
|c Howard Anton, Chris Rorres.
|
| 250 |
|
|
|a 8th ed.
|
| 260 |
|
|
|a New York :
|b Wiley,
|c c2000.
|
| 300 |
|
|
|a xvi, 822 p. :
|b ill. (some col.) ;
|c 27 cm.
|
| 500 |
|
|
|a Includes index.
|
| 541 |
1 |
|
|e 00012425
|
| 650 |
|
0 |
|a Algebras, Linear.
|
| 700 |
1 |
|
|a Rorres, Chris.
|
| 852 |
4 |
|
|a <add your library>
|j <shelf mark>
|
| 942 |
0 |
0 |
|0 7
|
| 999 |
|
|
|c 710
|d 710
|
| 952 |
|
|
|0 0
|1 4
|2 ddc
|4 0
|6 512_500000000000000_ANT
|7 0
|9 653
|a BRACUL
|b BRACUL
|c GEN
|d 2009-05-14
|g 220.00
|l 0
|o 512.5 ANT
|p 3010012425
|r 2009-05-14
|t 1
|v 440.00
|w 2009-05-14
|y BK
|x Koha Inventory 2020
|
| 952 |
|
|
|0 0
|1 0
|2 ddc
|4 1
|6 512_500000000000000_ANT
|7 0
|9 9599
|a BRACUL
|b BRACUL
|c SPS
|d 2010-05-02
|g 220.00
|l 10
|m 39
|o 512.5 ANT
|p 3010012427
|r 2018-08-27
|s 2011-09-18
|t 2
|w 2010-05-02
|y BK
|x Photocopy Book. Declared as Damaged on December 10, 2023
|
| 952 |
|
|
|0 0
|1 0
|2 ddc
|4 0
|6 512_500000000000000_ANT_2000
|7 0
|9 9776
|a BRACUL
|b BRACUL
|c GEN
|d 2010-05-05
|l 46
|m 301
|o 512.5 ANT
|p 3010011496
|r 2025-11-22
|s 2025-10-22
|t 3
|w 2010-05-05
|y BK
|
| 952 |
|
|
|0 0
|1 0
|2 ddc
|4 0
|6 512_500000000000000_ANT_2000
|7 0
|9 10925
|a BRACUL
|b BRACUL
|c GEN
|d 2010-06-14
|l 55
|m 304
|o 512.5 ANT
|p 3010011494
|r 2025-08-30
|s 2025-08-24
|t 4
|w 2010-06-14
|y BK
|
| 952 |
|
|
|0 0
|1 0
|2 ddc
|4 0
|6 512_500000000000000_ANT
|7 0
|9 10929
|a BRACUL
|b BRACUL
|c GEN
|d 2010-06-14
|g 390.00
|l 39
|m 316
|o 512.5 ANT
|p 3010012244
|r 2025-08-12
|s 2025-07-02
|t 5
|w 2010-06-14
|y BK
|x RS-325.00
|
| 952 |
|
|
|0 0
|1 0
|2 ddc
|4 0
|6 512_500000000000000_ANT
|7 0
|9 11236
|a BRACUL
|b BRACUL
|c GEN
|d 2010-06-24
|g 383.00
|l 53
|m 296
|o 512.5 ANT
|p 3010012857
|r 2025-02-08
|s 2024-10-30
|t 6
|w 2010-06-24
|y BK
|x RS-325.00
|